000 00518nam a22002057i 4500
001 841
003 OSt
005 20170126082247.0
007 tu
008 161220s1989 xxu||||| |||| 00| 0 d
024 7 _a840
_2RID
040 _cOSt
084 _a3.271
_a16.20
_2z
245 0 0 _aUSSR. Agriculture and Trade Report. Situation and Outlook Series
260 _aWashington D.C.,
_c1989.
300 _a59 S. ;
_c30cm.
651 _aSoviet Union
110 2 _aU.S. Department of Agriculture
_eEd.
866 0 _uFrühere J. vorh.
942 _cB
999 _c832
_d832